Największe europejskie miasta na literę Ł - Quiz z mapą - Statystyki

Ogólne statystyki
  • Ten quiz został rozwiązany 62 razy
  • Średni wynik to 9 z 20
Odpowiedzi na mapie
Odpowiedzi zakodowano w zielono-czerwonej skali na mapie do tego quizu, zgodnie z poniższymi procentami.
 
Statystyki odpowiedzi
Liczba
Ludności
Kraj Miasto % Poprawnych
652015 Polska Łódź
98%
18593 Bułgaria Łom
89%
60128 Polska Łomża
89%
215986 Ukraina Łuck
81%
26099 Polska Łowicz
75%
401297 Ukraina Ługańsk
65%
17826 Polska Łęczna
60%
27569 Polska Łuków
60%
17590 Polska Łańcut
56%
16191 Polska Łask
51%
17042 Polska Łomianki
47%
15689 Polska Łapy
42%
19940 Polska Łaziska Górne
30%
27910 Bułgaria Łowecz
21%
23592 Białoruś Łuniniec
7%
20469 Ukraina Łyman
7%
54026 Ukraina Łozowa
5%
45413 Ukraina Łubnie
4%
23892 Ukraina Łebedyn
2%
17061 Ukraina Łutuhyne
2%
Nie znaleziono quizów pasujących do podanych kryteriów
Rozkład punktacji
Procent ludzi z każdym wynikiem
Percentyl według liczby udzielonych odpowiedzi
Twoja historia wyników
Nie rozwiązałeś tego quizu